000 00204 a2200097 4500
001 11748
100 _aStamp, L.D
245 _aOur Developign world
260 _a
_bFaber & Faber
_c
090 _c9005
_d9005
942 _aNUST-CAE
_cM
_c35829
999 _c246821
_d246821